Southville International School and Colleges
Your cart is empty.
  • Cart
  • Lists
    Public lists Eva Luna New books Lux_list list_1
    Your lists Log in to create your own lists
  • Log in to your account
  • Your cookies
  • Search history
Southville International School and Colleges
  • Advanced search
  • Recent comments
  • Most popular
  • Libraries

Log in to your account

Log in with GOOGLE


If you do not have an external account, but do have a local account, you can still log in:

  1. Home
  2. MARC view: Chronicle of a death foretold :
Normal view MARC view ISBD view

Chronicle of a death foretold : (Record no. 2335)

[ view plain ]
MARC details
000 -LEADER
fixed length control field 00534nam a22001937a 4500
003 - CONTROL NUMBER IDENTIFIER
control field OSt
005 - DATE AND TIME OF LATEST TRANSACTION
control field 20151029095635.0
008 - FIXED-LENGTH DATA ELEMENTS--GENERAL INFORMATION
fixed length control field 130311t xxu||||| |||| 00| 0 eng d
020 ## - INTERNATIONAL STANDARD BOOK NUMBER
International Standard Book Number 140003471X
050 ## - LIBRARY OF CONGRESS CALL NUMBER
Classification number PQ 8180.17
Item number .M357 1982
082 ## - DEWEY DECIMAL CLASSIFICATION NUMBER
Classification number IB 863
Item number M34c 1983
100 ## - MAIN ENTRY--PERSONAL NAME
Personal name Marquez, Gabriel Garcia
245 ## - TITLE STATEMENT
Title Chronicle of a death foretold :
Statement of responsibility, etc Acclaim for Gabriel García Márquez
260 ## - PUBLICATION, DISTRIBUTION, ETC. (IMPRINT)
Place of publication, distribution, etc New York :
Name of publisher, distributor, etc Vintage International,
Date of publication, distribution, etc c1982.
300 ## - PHYSICAL DESCRIPTION
Extent 120 p.
Dimensions 21 cm
562 ## - COPY AND VERSION IDENTIFICATION NOTE
Number of copies 1
942 ## - ADDED ENTRY ELEMENTS (KOHA)
Source of classification or shelving scheme Library of Congress Classification
Koha item type Books
Holdings
Withdrawn status Lost status Source of classification or shelving scheme Damaged status Home library Current library Shelving location Date acquired Total Checkouts Full call number Barcode Date last seen Copy number Price effective from Koha item type
    Library of Congress Classification   Luxembourg Library Luxembourg Library International Baccalaureate Section 03/11/2013   PQ 8180.17 .M357 1982 13721 08/13/2013 1 10/03/2013 Books

Chronicle of a death foretold :

APA

Marquez G. G., . (1982). Chronicle of a death foretold. New York: Vintage International.

Chicago

Marquez Gabriel Garcia, . 1982. Chronicle of a death foretold. New York: Vintage International.

Harvard

Marquez G. G., . (1982). Chronicle of a death foretold. New York: Vintage International.

MLA

Marquez Gabriel Garcia, . Chronicle of a death foretold. New York: Vintage International. 1982.

  • Place hold
  • Print
  • Cite
  • Add to your cart (remove)
  • Save record
    BIBTEX Dublin Core MARCXML MARC (non-Unicode/MARC-8) MARC (Unicode/UTF-8) MARC (Unicode/UTF-8, Standard) MODS (XML) RIS
  • More searches
    Search for this title in:
    Other Libraries (WorldCat) Other Databases (Google Scholar) Online Stores (Bookfinder.com) Open Library (openlibrary.org)

Exporting to Dublin Core...

SOUTHVILLE LIBRARY

Southville International School and Colleges Library

1281 Tropical Ave. Cor. Luxembourg St., BF Homes International, Las Pinas City

Tel. No. 8256374 / 252358 Loc. 117/146

Powered by Koha